Statistics for Tysklands förbundsländer

Click here to take the quiz!

General Stats

  • This quiz has been taken 23 times
  • The average score is 12 of 16

Answers on the Map

Answers color-coded by a green-red scale on the quiz's map according to % correct below.
 

Answer Stats

Land% Correct
Bayern
100%
Bremen
94%
Sachsen
94%
Berlin
89%
Hamburg
83%
Saarland
83%
Schleswig-Holstein
83%
Brandenburg
78%
Hesse
78%
Mecklenburg-Vorpommern
67%
Niedersachsen
67%
Nordrhein-Westfalen
67%
Rheinland-Pfalz
67%
Thüringen
67%
Baden-Württemberg
61%
Sachsen-Anhalt
56%

Score Distribution

Percentile by Number Answered

Percent of People with Each Score

Your Score History

You have not taken this quiz